Text book of Pathophysiology I (Record no. 6250)

MARC details
000 -LEADER
fixed length control field 00445nam a22001817a 4500
005 - DATE AND TIME OF LATEST TRANSACTION
control field 20230118115446.0
008 - FIXED-LENGTH DATA ELEMENTS--GENERAL INFORMATION
fixed length control field 200518b xxu||||| |||| 00| 0 eng d
020 ## - INTERNATIONAL STANDARD BOOK NUMBER
ISBN 9798189747342
041 ## - LANGUAGE CODE
Language code of text/sound track or separate title eng
082 ## - DEWEY DECIMAL CLASSIFICATION NUMBER
Classification number 615.85 BAN
100 ## - MAIN ENTRY--AUTHOR NAME
Personal name BANSAL Dr. RAJPAL
245 ## - TITLE STATEMENT
Title Text book of Pathophysiology I
250 ## - EDITION STATEMENT
Edition statement 2'nd
260 ## - PUBLICATION, DISTRIBUTION, ETC. (IMPRINT)
Place of publication Delhi
Name of publisher Birla Publication
300 ## - PHYSICAL DESCRIPTION
Number of Pages 655 , xv
650 ## - SUBJECT ADDED ENTRY--TOPICAL TERM
Topical Term Pharmcy
General subdivision D.PHARMA
942 ## - ADDED ENTRY ELEMENTS (KOHA)
Koha item type Books
Holdings
Lost status Damaged status Collection code Home library Current library Shelving location Date acquired Source of acquisition Cost, normal purchase price Full call number Accession Number Koha item type
    Reference JRU Library JRU Library SHELF-4-E 18/05/2020 PURCHASE 490.00 615.85 BAN 23957 Books